Communication: (Record no. 17171)

000 -LEADER
fixed length control field 00489nam a2200169 a 4500
001 - CONTROL NUMBER
control field :::00020906$&:&@@
003 - CONTROL NUMBER IDENTIFIER
control field OkBaRHE
005 - DATE AND TIME OF LATEST TRANSACTION
control field 20040216160244.0
008 - FIXED-LENGTH DATA ELEMENTS--GENERAL INFORMATION
fixed length control field s1972 j 000 0 eng u
040 ## - CATALOGING SOURCE
Transcribing agency
100 1# - MAIN ENTRY--PERSONAL NAME
Personal name Johnson, Rex
245 10 - TITLE STATEMENT
Title Communication:
Remainder of title key to your parents.
260 ## - PUBLICATION, DISTRIBUTION, ETC. (IMPRINT)
Place of publication, distribution, etc Irvine, CA
Name of publisher, distributor, etc Harvest House Pub.
Date of publication, distribution, etc 1972
300 ## - PHYSICAL DESCRIPTION
Extent 144 p.
942 ## - ADDED ENTRY ELEMENTS (KOHA)
Source of classification or shelving scheme
Koha item type Books
Copies
Withdrawn status Price effective from Permanent Location Shelving location Full call number Date acquired Lost status Copy number Not for loan Barcode Damaged status Koha item type Source of classification or shelving scheme Date last seen
 2010-04-14RHEMA Bible Training CollegeGeneral StacksHQ 755 .J62010-04-14 1 20906 Books 2010-04-14